Los derechos del niño en el sistema interamericano /

La Convención Internacional sobre los Derechos del Niño se aprobó el 20 de noviembre de 1989, y un año después veinte países lo ratificaron, esta respuestas suponía un marco de tutela y garantía a los niños y adolescentes a través de las reformas jurídicas y políticas que en consecuencia deberían as...

Повний опис

Збережено в:
Бібліографічні деталі
Автор: Beloff, Mary (autor)
Формат: Книга
Мова:Іспанська
Опубліковано: Buenos Aires, Argentina : Editores del Puerto, 2004, c2004
Предмети:
Теги: Додати тег
Немає тегів, Будьте першим, хто поставить тег для цього запису!

MARC

LEADER 00000nam^a2200000^a^4500
001 000181672
005 20250521000000.0
009 20260310101939.504
020 |a 987-9120-65-5 
037 |a Acervo ITESO - Biblioteca 
041 |a ESP 
082 |a 346. 8001351  |b BEL 
100 |a Beloff, Mary  |e (autor) 
245 1 4 |a Los derechos del niño en el sistema interamericano /  |c M. Beloff ; pról. de Susana Villarán de la Puente. 
264 4 |a Buenos Aires, Argentina :  |b Editores del Puerto,  |c 2004, c2004 
300 |a 204 p. 
336 |a texto  |b txt  |2 rdacontenido 
337 |a sin mediación  |b n  |2 rdamedio 
338 |a volumen  |b nc  |2 rdasoporte 
520 |a La Convención Internacional sobre los Derechos del Niño se aprobó el 20 de noviembre de 1989, y un año después veinte países lo ratificaron, esta respuestas suponía un marco de tutela y garantía a los niños y adolescentes a través de las reformas jurídicas y políticas que en consecuencia deberían asumir los países, sin embargo a más de una década estos cambios no se han producido. Esta problemática, enfocada a América Latina, es la que analiza y denuncia la autora en esta obra. 
649 |a XX 
650 |a Niños -  |z Latinoamérica -  |x Condiciones Jurídicas -  |x Tema Principal 
650 |a Niños de la Calle -  |z Guatemala -  |x Estudios de Caso 
650 |a Adolescentes -  |z Latinoamérica -  |x Condiciones Jurídicas 
650 |a Corte Interamericana de Derechos Humanos 
650 |a Tribunales Internacionales 
650 |a Tratados Internacionales 
650 |a Derechos Humanos -  |z Latinoamérica 
650 |a Derecho Internacional 
910 |a Fondo General 
920 |a Impresos - Libros 
930 |a Colección General 
905 |a 101 
901 |a 0500121528  |b IT1  |c ACC  |u 20250521 
902 |a https://opac.biblio.iteso.mx/vufind/Record/000181672